000 00425 a2200109 4500
001 ART_59359
005 20260410161636.0
008 260409a
245 1 0 _aCréditos en moneda por operaciones que generan ingresos de actividades ordinarias. Requerimientos de la RT 54 (t. o. RT 56) en materia de reconocimiento y medición
100 1 _aSuardi, Diana
773 0 _tEnfoques
_g- N° 9 (sep. 2023)
_wREV416
999 _c12894
_d12894